000
00342nam a22001577a 4500
003
SGT
020
_a
9788189530464
082
_a
342.290 954,MIT
100
_a
MITTAL,J.K
245
_a
INDIAN LEGAL HISTORY
250
_a
10TH
260
_a
ALLAHABAD
_b
CENTRAL LAW AGENCY
_c
2011
300
_a
397
650
_a
LEGAL HISTORY
942
_2
ddc
_c
BK
999
_c
9571
_d
9571